000 00676nam a2200205 a 4500
005 20250620063840.0
008 030509s1999 mx r 000 0 spa d
020 _a8476585624
035 _aUPN01000124006
049 _aCG
050 4 _aGN395
_bS5.38
100 1 _aSignorelli, Amalia
245 1 0 _aAntropología urbana /
_cAmalia Signorelli ; pról. de Néstor García Canclini ; tr. Angela Giglia.
260 _aMéxico :
_bUAM-Iztapalapa;
_aBarcelona, Esp. :
_bAnthropos,
_c1999.
300 _a252 p.
440 0 _aAutores, textos y temas.
_pAntropología ;
_v35
650 2 _aAntropología urbana
_95812
651 4 _aITALIA -
_xVIDA SOCIAL Y COSTUMBRES
905 _aLibro
999 _c96185
_d96185